Crítica. Revista Multicolor de los sábados 1933-1934. (Registro nro. 2566)

Detalles MARC
000 -LEADER
fixed length control field 00860nam a2200205 a 4500
008 - CAMPO DE CONTROL (LIBRO)
fixed length control field 0311 t1999||||ag a g |||| 001 1|spa d
020 ## - INTERNATIONAL STANDARD BOOK NUMBER
ISBN 9509807451
041 ## - CODIGO DE IDIOMA
Código de idioma del texto/pista de sonido o título separado spa
092 ## - SIGNATURA TOPOGRAFICA DEWEY LOCAL
número de clasificación 808.8
libristica 33
sección HEL
100 1# - ENTRADA PRINCIPAL--NOMBRE PERSONAL
Nombre personal Helft, Nicolás
9 (RLIN) 3328
245 ## - TITULO PROPIAMENTE DICHO
Título Crítica. Revista Multicolor de los sábados 1933-1934.
Subtítulo y Título paralelo Edición completa en CD-rom /
Mención de responsabilidad y remanente de la transcripción de la portada Nicolás Helft
250 ## - MENCION DE EDICION
Mención de edición 1a ed.
Mención de responsabilidad relacionada con la ed. Prólogo Horacio Salas
260 ## - PIE DE IMPRENTA
Lugar de publicación, distribución, etc Buenos Aires:
Nombre de la editorial, distribuidor, etc Fondo Nacional de las Artes;
Fecha de publicación 1999.
300 ## - DESCRIPCION FISICA
Extension 83 p.
Material complementario CD-Rom y Folleto de la revista original
500 ## - NOTA GENERAL
Nota general Helft, N. (1999). Crítica. Revista multicolor de los sábados 1933-1934. Edición completa con CD-rom. (1a ed.). Buenos Aires : Fondo Nacional de las Artes.
590 ## - NOTAS LOCALES (RLIN)
Nota local Proyecto 4to libro, donacion Fondo Nacional de las Artes, octubre 2017.
655 ## - MATERIA - GENERO/FORMA
Género/Forma Literatura
-- 2917
930 ## - NUMERO DE INVENTARIO
Número de inventario 3990
942 ## - ADDED ENTRY ELEMENTS (KOHA)
Source of classification or shelving scheme Dewey Decimal Classification
Item type LITERATURA
Existencias
Estado de retiro Existencia Fuente de clasificación Estado general No para prestamo Ubicación permanente ubicación actual Sala de ubicación Fecha de adquisición Fuente de adquisición Total Checkouts Número de clasificación Código de barras Date last seen Número de ejemplar Price effective from Koha tipo de elemento (item) Public note
    Dewey Decimal Classification   Not For Loan Biblioteca Medicina Biblioteca Medicina Circulación 07/11/2017 Donación Fondo Nacional de las Artes, Octubre 2017   808.8 33 HEL 4014 07/11/2017 Ej. 1 07/11/2017 LITERATURA Proyecto 4to libro. Donación Fondo Nacional de las Artes, Octubre 2017

UNIVERSIDAD NACIONAL DEL COMAHUE
Biblioteca de la Facultad de Ciencias Médicas
Sede Toschi: Los Arrayanes y Av. Toschi, Cipolletti  - Rio Negro
Sede Los Tordos:  Yrigoyen al 2211, Cipolletti - Rio Negro 

Teléfono: 0299 - 4774707 int 25
Contacto: biblioteca@facimed.uncoma.edu.ar
© 2011 - 2026